000 00803nam a2200253Ia 4500
003 OSt
005 20220923215036.0
006 a|||||r|||| 00| 0
007 ta
008 220922b |||||||| |||| 00| 0 hin d
024 _a175,140
037 _cTextual
040 _aARTS
_cARTS
_bhin
041 _2hin
_ahin
082 _aO152:g, L0
100 _aशुक्ल, प्रेम नारायण
245 0 _aहिन्दी साहित्य में विविध वाद
246 _aHindī sāhitya mean vividh vāda
250 _aसंस्क0 2
260 _c1970
650 _aहिन्दी साहित्य
_9156264
942 _hO152:g, L0
_cTEXL
_2CC
999 _c328844
_d328844